| 000 | 01148nam a22003257i 4500 | ||
|---|---|---|---|
| 003 | EG-GICUC | ||
| 005 | 20260506095240.0 | ||
| 008 | 260506s1969 fr ||||fr|||| 001 0 fre d | ||
| 040 |
_aEG-GiCUC _cEG-GiCUC _dEG-GiCUC _eRda _bfre |
||
| 041 | _afre | ||
| 082 | 0 | 4 |
_221 _a345.020493 _bSE . C |
| 092 | 0 | 4 | _221 |
| 099 | _aLaw1 07 345.020493 SE . C 1969 | ||
| 100 | 1 |
_a Servais, Jean _eAuteur |
|
| 245 | 1 | 4 |
_aLes Codes et les Lois Spéciales les plus usuelles en vigueur en Belgique / _cJean Servais, E. Mechelynck. _nTome Troisième _pMatières administratives et de droit public |
| 250 | _aTrente-Deuxième Édition | ||
| 264 |
_aBruxelles: _bÉtablissements Émile Bruylant, _c1969. |
||
| 300 |
_a page ; 299 _c 24 cm. |
||
| 336 |
_2rda contenu _a texte |
||
| 337 |
_2rda medias _aOrdinateur |
||
| 338 |
_2 transporteur rda _a Ressource en ligne |
||
| 546 | _aTexte en français | ||
| 650 | 1 | _2Droit administratif | |
| 650 | 1 | _2Les Codes et les Lois Spéciales | |
| 651 | 1 | _2qrmak | |
| 700 | 1 |
_aMechelynck, E. _eAnnotateur |
|
| 856 | 4 | 0 | _uhttps://fll.law.cu.edu.eg/fulltext/bks/B07-05615.pdf |
| 905 | _a72 | ||
| 942 |
_2ddc _cBK _e21 _n0 |
||
| 999 |
_c75970 _d75970 |
||